000 00245nam a2200109Ia 4500
008 220204s9999 xx 000 0 und d
082 _a82-7
_bBOL
100 _aBoliska, Al
245 0 _aWipeouts
260 _aNew York
_bPocket
_c1969
942 _cBK
999 _c29114
_d29114